000 00574cam a2200217 i 4500
999 _c901
_d901
001 19208
003 BD-DhUAP
005 20200129092100.0
008 200129t20112004ii b 001 0 eng
020 _a8125916164
040 _aDLC
_beng
_erda
_cDLC
_dBD-DhUAP
082 _a327 KHA
_223
100 _aKhanna, V N.
245 0 0 _aInternational relations /
_cV N Khanna.
250 _a4th rev. ed.
264 1 _aDelhi :
_bVikas,
_cc2004 [Reprinted 2011].
300 _a453 pages ;
_c24 cm
500 _aIncludes index.
650 _aInternational Relations.
942 _2ddc
_cBK